Word Ladder: Clouds in Her Coffee Quiz Stats

 Plays Quiz Updated Jul 21, 2018

Challenge
Share
Tweet
Embed
Score 0/14 Timer 02:30
0 Plays Today
Hint 5-Letter Word % Correct
One who taunts others, usually at schoolBULLY
97.7%
Symbol for multiplicationTIMES
93.6%
With first rung, 'You're So Vain' singerSIMON
92%
Shower stall squaresTILES
91.9%
Tom Hanks movie about the pilot who landed in the HudsonSULLY
91.8%
Moe's bald brotherCURLY
89.8%
With last rung, 'You're So Vain' singerCARLY
89.6%
Hint 5-Letter Word % Correct
Gets soil ready for farmingTILLS
89.2%
Strongly muscular and thicksetBURLY
88.3%
Hourglass or watch, e.g.TIMER
88%
Pumbaa's pal in 'The Lion King'TIMON
86.7%
InaneSILLY
85.6%
Actress Jennifer or MegTILLY
84.7%
Island shared by Indonesia and the country with Dili as its capitalTIMOR
81.9%

Today's Daily Dose

You're not logged in!

Compare scores with friends on all Sporcle quizzes.
OR
Log In

You Might Also Like...

Show Comments

Extras

Top Quizzes Today


Score Distribution

Your Account Isn't Verified!

In order to create a playlist on Sporcle, you need to verify the email address you used during registration. Go to your Sporcle Settings to finish the process.

Report this User

Report this user for behavior that violates our Community Guidelines.

Details: